000 00285nam a22001337a 4500
008 170605b xxu||||| |||| 00| 0 eng d
020 _a9781933821245
041 _aeng
080 _a94(7/8)
100 _a18
101 _aSHH
245 _aTHE AMERICA
_cCOHAN, .GM
942 _2udc
_cBK
999 _c15973
_d15973